000 01120nam a2200217Ii 4500
003 JO-AjNU
008 230605s9999||||xx |||||||||||||| ||und||
017 _a2001/3/517
040 _aJO-AjNU
_bara
_erda
_cJO-AjNU
041 _aara
050 1 4 _aJC571.A3222.2001
100 3 _aالعضايلة، أمين ,
_eauthor
_956830
245 0 0 _aالوجيز في حقوق الإنسان وحرياته في الشريعة الإسلامية والمواثيق الدولية والإقليمية والدستور الأردني
250 _aالطبعة الأولى
264 3 1 _aالكرك: دار رند للنشر، 2001
300 _a152ص
_bيشتمل على ملاحق ص( 122-143) ويشتمل على مراجع ببلوغرافية باللغة العربية واللغة الفرنسية ص (151-152)
336 _atext
_btxt
_2rdacontent
337 _aunmediated
_bn
_2rdamedia
338 _avolume
_bnc
_2rdacarrier
650 4 _a حقوق الإنسان -- حقوق الإنسان -- قوانين وتشريعات -- الأردن -- الإسلام وحقوق الإنسان (قانون دولي) 
_956831
999 _aA25431
_c28999
_d28999